|
|
|
|
| LEADER |
00000cam a2200000 i 4500 |
| 001 |
1/99207 |
| 008 |
081211s1950 gre d |
| 035 |
|
|
|l 10102375
|
| 040 |
|
|
|a GR-MY-UA
|b gre
|e aacr
|
| 041 |
0 |
|
|a gre
|
| 082 |
0 |
|
|a 938.94
|
| 100 |
1 |
|
|a Κύρου, Αχιλλεύς,
|d 1898-1950.
|
| 245 |
1 |
2 |
|a Η συνωμοσία εναντίον της Μακεδονίας :
|b (1940-1949) /
|c Αχιλ. Α. Κύρου
|
| 260 |
|
|
|a Αθήναι :
|b Αετός,
|c 1950
|
| 300 |
|
|
|a 150 σ.;
|c 22 εκ.
|
| 650 |
0 |
0 |
|a Macedonian question
|x History.
|
| 651 |
|
0 |
|a Macedonia (Greece)
|x History.
|
| 852 |
|
|
|a INST
|b RHODES
|c AKA
|e 20081211
|h 938.94 ΚΥΡ
|p 005400031520
|q 005400031520
|t BK
|y 0
|
| 901 |
|
|
|a BIBL4-2008-3
|
| 909 |
|
|
|a Ρ
|b 156590
|
| 970 |
|
|
|a ΚΟΖΑ
|b ΜΑΡΙΑ
|z 2008/12/11
|